Statistics for 3-Letter Scrabble Words that start with "Q," "X," or "Z"

Click here to take the quiz!

General Stats

  • This quiz has been taken 756 times
  • The average score is 11 of 20

Answer Stats

Answer% Correct
zoo
80%
qua
74%
zip
73%
zap
71%
zed
70%
zee
69%
zag
67%
zig
66%
zit
65%
zin
59%
zas
54%
qat
50%
zax
48%
zep
47%
zek
43%
zoa
43%
qis
40%
xis
35%
zuz
28%
zzz
28%

Score Distribution

Percentile by Number Answered

Percent of People with Each Score

Your Score History

You have not taken this quiz